000 00432nam a22001457a 4500
999 _c18398
_d18398
008 200803b xxu||||| |||| 00| 0 eng d
020 _a0071809801
050 _aHF5548.32
_b.B56 2014 c.1
100 _aBingham, Richard
245 _aOracle E-Business Suite 12
_bTurning Tips and Techniques
_cRichard Bingham
260 _aNew York
_bOracle Press
_c2014
300 _axx, 408p.
650 _aElectronic commerce
942 _2lcc
_cBK